000 00755nam a2200181Ia 4500
999 _c38545
_d38545
001 4646
003 GE_BSU
005 20190514143910.0
008 181216s2000||||ge |||||||||||||| ||geo||
040 _cGE_BSU
041 _ageo
080 _a656(075.8) ს–31
245 _aსატრანსპორტო-საექსპედიტორო საქმიანობის საფუძვლები : სახელმძღვ.
264 _aთბილისი .:
_bსაქ. ექსპედიტორთა ასოციაცია,
_c2000
300 _a393 გვ . ;
_c29 სმ.
653 _aსატრანსპორტო-საექსპედიციო საქმიანობა
942 _cBK
_2udc